000 00748cas a22002657a 4500
001 109800
003 UA-OsUOA
005 20210324161550.0
007 ta
008 201502c4b un ||un wr|n||00| 0 ukrcdukr d
040 _aUA-OsUOA
_bukr
_cUA-OsUOA
_dUA-OsUOA
041 _aukr
044 _aUA
080 _a050
090 _a050
_bО-39
110 _aЗасновник ТОВ "Видавничий дім" ОГО"
245 _aОго
_cгол. ред. Голубєв В.
260 _aРівне
310 _aщотижня
650 7 _a050 Серіальні видання. періодика
_2UDC
856 4 0 _uhttp://ogo.ua/
942 _cNP
_2udc
955 _a0
999 _c320306
_d320306